| 000 | 00980nam a2200253 a 4500 | ||
|---|---|---|---|
| 003 | OSt | ||
| 005 | 20141028164640.0 | ||
| 008 | 141014s2014 sp |||| |||| 001 0 spa|d | ||
| 020 | _a9788441535848 | ||
| 040 |
_bcat _cCDMR |
||
| 100 | 1 |
_aSchmidt, Eric, _d1955- |
|
| 245 | 1 | 3 |
_aEl futuro digital _cEric Schmidt, Jared Cohen |
| 260 |
_aMadrid _bAnaya Multimedia _c2014 |
||
| 300 |
_a430 p. _c23 cm |
||
| 500 | _aÍndex | ||
| 546 | _aTrad. de: The new digital age : reshaping the future of people, nations and business | ||
| 650 | 7 |
_aMitjans de comunicació digitals _xAspectes socials _xPrevisió _2lemac _93079 |
|
| 650 | 7 |
_aMitjans de comunicació digitals _xAspectes polítics _xPrevisió _2lemac _93079 |
|
| 650 | 7 |
_aTecnologia de la informació _xAspectes socials _2lemac _93508 |
|
| 650 | 7 |
_aTecnologia de la informació _xAspectes polítics _xPrevisió _2lemac _93364 |
|
| 650 | 4 |
_aTecnologia i civilització _xPrevisió _94423 |
|
| 700 | 1 |
_aCohen, Jared, _d1981 |
|
| 942 |
_2udc _cMON |
||
| 999 |
_c6758 _d6758 |
||